Los extraños poderes de un camafeo y otros cuentos / (Registro nro. 30309)

Detalles MARC
000 -CABECERA
campo de control de longitud fija 00847nam a22002297a 4500
003 - IDENTIFICADOR DE NÚMERO DE CONTROL
control field OSt
008 - CÓDIGOS DE INFORMACIÓN DE LONGITUD FIJA
fixed length control field 231026t2014 ck gr 001 j spa d
020 ## - NÚMERO INTERNACIONAL NORMALIZADO PARA LIBROS
ISBN 9789585808300
037 ## - SOURCE OF ACQUISITION
Materials specified Donación
040 ## - Fuente de catalogación
Agencia original de catalogación CO-JMCR
Agencia de transcripción CO-JMCR
Agencia de modificación CO-JMCR
Convenciones de descripción rda
Lenguaje de catalogación spa
041 0# - CÓDIGO DE LENGUA
Código idioma spa
082 04 - NÚMERO DE LA CLASIFICACIÓN DECIMAL DEWEY
Número de clasificación Decimal A-C
Número de documento (Cutter) URIe
100 1# - PUNTO DE ACCESO PRINCIPAL-NOMBRE DE PERSONA
9 (RLIN) 43389
Nombre personal Uribe Ricaurte, Pablo,
Término de función/relación autor
245 14 - TÍTULO PROPIAMENTE DICHO
Título Los extraños poderes de un camafeo y otros cuentos /
Mención de responsabilidad, etc. Pablo Uribe Ricaurte
250 ## - DECLARACIÓN DE EDICIÓN
Declaración de edición Segunda edición
264 ## - PRODUCCION, PUBLICACION, DISTRIBUCION, COPYRIGHT
Lugar de producción, publicación, distribución, etc Bogotá :
Nombre del editor, productor, distribuidor, etc Editorial Ibañez ,
Fecha de producción, publicación, distribución, copyright ©2014
300 ## - DESCRIPCIÓN FÍSICA
Extensión 120 páginas ;
Dimensiones 21 cm.
505 0# - NOTA DE CONTENIDO FORMATADO
Nota de contenido formateada El faisán de los huevos de plata -- El corazon de otro -- El aprendiz de hechicero -- la casa de las huríes -- los extraños poderes de un camafeo
650 14 - TÉRMINO DE MATERIA
subdivision Geografica Colombianos
9 (RLIN) 43252
650 24 - TÉRMINO DE MATERIA
Subdivisión de forma Cuentos
9 (RLIN) 43392
Existencias
Withdrawn status Lost status Source of classification or shelving scheme Damaged status Not for loan Home library Current library Shelving location Date acquired Source of acquisition Total Checkouts Full call number Barcode Date last seen Copy number Price effective from Koha item type
    Dewey Decimal Classification     Biblioteca Pública José María del Castillo y Rada Biblioteca Pública José María del Castillo y Rada Fiction 08/16/2022 Donación   A-C URIe 201811795 10/27/2023 Ej.1 10/27/2023 Books